Bezpečnostná politika EÚ aj v našom záujme štátny tajomník Martin Fedor

Podrobná bibliografia
Hlavný autor: Vitko, Pavol, 1964- (Autor, Tazateľ)
Médium: Článok
Jazyk:slovenčina
Fyzický popis:Fotogr.
ISSN:1336-2910
Predmet:

MARC

LEADER 00000nab a2200000 a 4500
001 vtls008158870
003 SK-MaSNL
005 20260304133650.0
008 250505c2005 xo mr|p|||||||000 b|slo
015 |a SNBRB2005/06  |2 snkbucl 
035 |a urn:nbn:sk:snk-ab7uj0 
035 |a (urnnbn)urn:nbn:sk:snk:ar-003zgs 
035 |a (uuid)5daab2ad-3aae-40e3-be5d-16d53ddecfb1 
038 |a SNKBUCL 
040 |a SNKBUCL  |b slo  |c SNKBUCL  |e AACR2 
041 0 |a slo 
044 |a xo  |c SK 
080 |a 355.02:327.39  |x (4)  |2 1997 
080 |a 327.39  |x (4)  |2 1997 
100 1 |a Vitko, Pavol,  |d 1964-  |4 ivr  |4 aut  |9 219103 
245 1 0 |a Bezpečnostná politika EÚ aj v našom záujme  |b štátny tajomník Martin Fedor  |c Pavol Vitko 
300 |b Fotogr. 
610 2 7 |a Európska únia  |2 snkbucl  |9 29861 
650 0 7 |a bezpečnostná politika  |2 snkbucl  |9 1647 
700 1 |a Fedor, Martin,  |d 1974-  |4 ive  |9 103820 
773 0 |t Obrana  |g Roč. 13, č. 2 (2005), s. 7  |x 1336-2910 
850 |a Slovenská národná knižnica 
852 |a Slovenská národná knižnica 
954 |a odborná, vedecká literatúra pôvodná (slovenská)  |2 lita 
958 |a article9 
958 |a OND 
958 |a EUIPO 
999 |c 2902950  |d 2904880